01451cam a2200325 a 45000010008000000030004000080050017000120080041000290100017000700200015000870350020001020400031001220420014001530820015001671110128001822450180003102600039004903000034005295000090005635000022006535000068006756500049007436500052007926500026008447100089008709060045009599420012010049990015010169520094010313498082OSt20230619160629.0940714s1994 nyua i100 0 eng d a 94205316  a9211512611 a(OCoLC)30762568 aMdBJ-WcMdBJ-WdOCoLCdDLC alccopycat00a305.26bUN2 aUnited Nations International Conference on Ageing Populations in the Context of the Familyd(1990 :cKitakyūshū, Japan)10aAgeing and the family :bproceedings of the United Nations International Conference on Ageing Populations in the Context of the Family, Kitakyushu (Japan), 15-19 October 1990. aNew York :bUnited Nations,c1994. axii, 238 p. :bill. ;c28 cm. aAt head of title: Department for Economic and Social Information and Policy Analysis. aST/ESA/SER.R/124. a"United Nations publication sales No. E.94.XIII.4"--T.p. verso. 0aOlder peoplexSocial conditionsvCongresses. 0aOlder peoplexFamily relationshipsvCongresses. 0aFamiliesvCongresses.2 aUnited Nations.bDepartment for Economic and Social Information and Policy Analysis. a7bcbcccopycatd2encipf19gy-gencatlg 2ddccBK c1415d1415 00102ddc4070a002b002d2023-06-19l0o305.26 UNp10011507r2023-06-19w2023-06-19yBK